El arte de Anglada (Record no. 70376)

MARC details
000 -LEADER
campo de control de longitud fija 00817nam a2200193 i 4500
001 - NÚMERO DE CONTROL
campo de control 70376
003 - IDENTIFICADOR DE NÚMERO DE CONTROL
campo de control ES-MaACL
005 - FECHA Y HORA DE LA ÚLTIMA TRANSACCIÓN
campo de control 20240125215136.0
007 - CAMPO FIJO DE DESCRIPCIÓN FÍSICA--INFORMACIÓN GENERAL
campo de control de longitud fija t|
008 - DATOS DE LONGITUD FIJA--INFORMACIÓN GENERAL
campo de control de longitud fija 040722s1916 sp ||||1| spa d
100 1# - ENTRADA PRINCIPAL--NOMBRE DE PERSONA
Nombre de persona García Sanchiz, Federico,
Fechas asociadas al nombre 1886-1964
9 (RLIN) 55269
245 13 - MENCIÓN DEL TÍTULO
Título El arte de Anglada
Resto del título : floreal : [exposición Anglada Camarasa, organizada por el Círculo de Bellas Artes en el Palacio de Exposiciones del Retiro] /
Mención de responsabilidad, etc. conferencia hablada por D. Federico García Sanchiz el día 11 de julio de 1916, en el local de la exposición.
260 ## - PUBLICACIÓN, DISTRIBUCIÓN, ETC.
Lugar de publicación, distribución, etc. Madrid :
Nombre del editor, distribuidor, etc. [s.n.],
Fecha de publicación, distribución, etc. 1916 (
Fabricante A. de Angel Alcoy)
300 ## - DESCRIPCIÓN FÍSICA
Extensión 14 p. ;
Dimensiones 17 cm.
600 14 - PUNTO DE ACCESO ADICIONAL DE MATERIA--NOMBRE DE PERSONA
Nombre de persona Anglada Camarasa, Hermenegildo.
9 (RLIN) 21737
710 2# - ENTRADA AGREGADA--NOMBRE DE ENTIDAD CORPORATIVA
Nombre de entidad corporativa o nombre de jurisdicción como elemento de entrada Círculo de Bellas Artes (Madrid)
9 (RLIN) 2817
852 ## - LOCALIZACIÓN
Ubicación ES-MaACL
Número de control de estantería 1547-F-11
Holdings
Estatus retirado Estado de pérdida Estado de daño No para préstamo Colección Biblioteca de origen Biblioteca actual Ubicación en estantería Fecha de adquisición Fuente de adquisición Total de préstamos Signatura topográfica completa Código de barras Visto por última vez Precio de reemplazo Tipo de ítem Koha
        Colección de folletos Biblioteca del Ateneo de Madrid Biblioteca del Ateneo de Madrid Depósito folletos 17/01/2008     1547-F-11 1073695 23/02/2023 23/02/2023 Folleto